| 000 | 00630nab a2200217 a 4500 | ||
|---|---|---|---|
| 005 | 20210223131429.0 | ||
| 008 | 991125s1985 mx 000 0 spa u | ||
| 035 | _aUPN01000178989 | ||
| 100 | 1 |
_aBanet Hernández, Enrique _934542 |
|
| 222 | _aINVESTIGACION EN LA ESCUELA | ||
| 245 | _a¿ Cómo mejorar el desayuno de los escolares de educación primaria ? | ||
| 260 | _aSevilla, España | ||
| 300 | _a63-83 | ||
| 362 | 0 | _a2010 No. 71 | |
| 653 | 0 | _aEDUCACION PRIMARIA | |
| 653 | 0 | _aALIMENTACION SALUDABLE | |
| 653 | 0 | _aEDUCACION SANITARIA | |
| 700 | 1 | _aLópez Ferrer, Carmen, | |
| 700 | 1 | _ecoaut. | |
| 905 | _aArticulo | ||
| 999 |
_c151092 _d151092 |
||